00458nam a2200169Ia 450000500170000000800460001703700130006304000200007604100130009608400230010910000160013224500240014826000460017230000100021836500130022854600470024120250508165442.0008 250505s9999 xx 000 0 eng d aTextBook aFEDLbengcFEDL aeng2eng a420.7, SHA/RqFEDL aSharma Asha 0aTeaching of english aLudhiana, IndiabVijay Publicationsc2010 a404p. aINRb270 aSpecimen copy gifted by Vijay Publications